[Event "ROM-ch U16"]
[Site "Baile Felix"]
[Date "2017.02.07"]
[Round "7"]
[White "Ion, Dragos Cosmin"]
[Black "Coman, Andrei Alexandru"]
[Result "1/2-1/2"]
[WhiteElo "1843"]
[BlackElo "1772"]
[PlyCount "83"]
[EventDate "2017.02.02"]
[EventType "swiss"]
[EventRounds "9"]
[EventCountry "ROU"]
[SourceTitle "CBM 176 Extra"]
[Source "ChessBase"]
[SourceDate "2017.03.02"]
[SourceVersion "1"]
[SourceVersionDate "2017.03.02"]
[SourceQuality "1"]

1. e4 c5 2. Nf3 d6 3. Bb5+ Nd7 4. 0-0 a6 5. Bxd7+ Qxd7 6. d4 cxd4 7. Qxd4 Nf6 8. c4 e6 9. Nc3 Be7 10. Bg5 0-0 11. Rfd1 Rd8 12. Rac1 Qc7 13. h3 h6 14. Bh4 b6 15. Na4 Rb8 16. Bg3 e5 17. Qe3 Bb7 18. Nd2 Bc6 19. Nc3 Rdc8 20. Qe2 Nd7 21. f4 f6 22. f5 Qb7 23. b4 b5 24. cxb5 Bxb5 25. Nxb5 Qxb5 26. Rxc8+ Rxc8 27. Qxb5 axb5 28. Nb3 Rc2 29. Rc1 Rxc1+ 30. Nxc1 d5 31. exd5 Bxb4 32. Bf2 Bc5 33. Nd3 Bxf2+ 34. Kxf2 Kf8 35. d6 Nb6 36. Nc5 Ke8 37. Ke3 Nc4+ 38. Kf3 Nxd6 39. Ne6 Kf7 40. g4 g6 41. Nd8+ Kg7 42. Ne6+ 1/2-1/2

[Event "ROM-ch U16"]
[Site "Baile Felix"]
[Date "2017.02.02"]
[Round "1"]
[White "Padurean, Daniel Cristian"]
[Black "Coman, Andrei Alexandru"]
[Result "1-0"]
[WhiteElo "2001"]
[BlackElo "1772"]
[PlyCount "101"]
[EventDate "2017.02.02"]
[EventType "swiss"]
[EventRounds "9"]
[EventCountry "ROU"]
[SourceTitle "CBM 176 Extra"]
[Source "ChessBase"]
[SourceDate "2017.03.02"]
[SourceVersion "1"]
[SourceVersionDate "2017.03.02"]
[SourceQuality "1"]

1. e4 e5 2. Nf3 Nc6 3. Nc3 Nf6 4. a3 d6 5. d4 exd4 6. Nxd4 Bd7 7. Bb5 Be7 8. 0-0 0-0 9. Bxc6 bxc6 10. Bf4 c5 11. Nde2 Bc6 12. f3 Qd7 13. Qd2 Rab8 14. b3 Rfd8 15. Rad1 Nh5 16. Be3 g6 17. Nf4 Nxf4 18. Bxf4 Bf6 19. Nd5 Bg7 20. Bg5 Re8 21. Nf6+ Bxf6 22. Bxf6 Re6 23. e5 Qe8 24. f4 Be4 25. f5 Rxe5 26. Qh6 Qf8 27. Qxf8+ Kxf8 28. Bxe5 dxe5 29. fxg6 Bxg6 30. Rf2 c6 31. Rd7 a6 32. Rc7 Rd8 33. h3 Rd1+ 34. Kh2 Rc1 35. Rxc6 Rxc2 36. Rxc2 Bxc2 37. b4 Bd3 38. Rxc5 e4 39. Kg3 Ke7 40. h4 Ke6 41. Kf4 f6 42. Rh5 Kd6 43. Ke3 Ke6 44. Rxh7 f5 45. Kf4 Kd5 46. g3 Kc4 47. h5 Kc3 48. Ke3 Kb3 49. Rd7 Bc4 50. h6 Bd3 51. Rd6 1-0

[Event "ROM-ch U16"]
[Site "Calimanesti Caciulata"]
[Date "2016.04.24"]
[Round "8"]
[White "Coman, Andrei Alexandru"]
[Black "Albu, George"]
[Result "0-1"]
[WhiteElo "1726"]
[BlackElo "1760"]
[PlyCount "94"]
[EventDate "2016.04.18"]
[EventType "swiss"]
[EventRounds "9"]
[EventCountry "ROU"]
[SourceTitle "EXT 2017"]
[Source "ChessBase"]
[SourceDate "2016.10.25"]
[SourceVersion "1"]
[SourceVersionDate "2016.10.25"]
[SourceQuality "1"]

1. d4 Nf6 2. Nf3 g6 3. Bf4 Bg7 4. e3 0-0 5. Nc3 d6 6. Be2 c6 7. 0-0 b5 8. a3 a6 9. Qd3 Nbd7 10. Rfd1 Bb7 11. Rab1 Re8 12. e4 Nb6 13. b3 Qc7 14. e5 Nh5 15. exd6 exd6 16. Bg3 Nxg3 17. hxg3 Rad8 18. Ne4 f5 19. Neg5 c5 20. c3 h6 21. Nh3 Be4 22. Qd2 Bxb1 23. Rxb1 Nd5 24. c4 Nf6 25. cxb5 axb5 26. Bxb5 Re7 27. d5 Ne4 28. Qd3 Qa5 29. Bc4 g5 30. Nh2 Qxa3 31. g4 Nc3 32. Rf1 f4 33. Nf3 Qa8 34. Nhxg5 hxg5 35. Nxg5 Ne2+ 36. Kh2 Nd4 37. Qh7+ Kf8 38. Qg6 Be5 39. Nh7+ Rxh7+ 40. Qxh7 f3+ 41. g3 Qc8 42. Qh6+ Bg7 43. Qf4+ Kg8 44. Bd3 Qd7 45. Bg6 Qe7 46. g5 Nxb3 47. Qxf3 Nd2 0-1

[Event "ROM-ch U14"]
[Site "Calimanesti"]
[Date "2014.04.12"]
[Round "8"]
[White "Coman, Andrei Alexandru"]
[Black "Turturoiu, Nicolae Daniil"]
[Result "1-0"]
[WhiteElo "1042"]
[BlackElo "1001"]
[PlyCount "65"]
[EventDate "2014.04.06"]
[EventType "swiss"]
[EventRounds "9"]
[EventCountry "ROU"]
[SourceTitle "CBM 160 Extra"]
[Source "ChessBase"]
[SourceDate "2014.07.01"]
[SourceVersion "1"]
[SourceVersionDate "2014.07.01"]
[SourceQuality "1"]

1. d4 d6 2. c4 e5 3. e3 Nc6 4. d5 Nb4 5. a3 Na6 6. b4 Nf6 7. Nc3 Be7 8. e4 0-0 9. h3 c6 10. Bd3 Nc7 11. Nf3 a6 12. a4 Bd7 13. 0-0 b5 14. dxc6 Bxc6 15. cxb5 axb5 16. a5 d5 17. Nxe5 Bb7 18. Nxb5 Nxb5 19. Bxb5 Bxb4 20. a6 Bd6 21. Bf4 Bxe5 22. Bxe5 Bc8 23. a7 Qe7 24. Qd4 Rd8 25. Bxf6 gxf6 26. exd5 Bd7 27. Rfe1 Qd6 28. Bxd7 Rxd7 29. Ra5 Rc7 30. Rb1 Rac8 31. Qd1 Rc5 32. Rxc5 Qxc5 33. Rb8 1-0

[Event "ROM-ch U14"]
[Site "Calimanesti"]
[Date "2014.04.10"]
[Round "6"]
[White "Coman, Andrei Alexandru"]
[Black "Ungureanu, Claudiu Constantin"]
[Result "0-1"]
[WhiteElo "1042"]
[BlackElo "1585"]
[PlyCount "110"]
[EventDate "2014.04.06"]
[EventType "swiss"]
[EventRounds "9"]
[EventCountry "ROU"]
[SourceTitle "CBM 160 Extra"]
[Source "ChessBase"]
[SourceDate "2014.07.01"]
[SourceVersion "1"]
[SourceVersionDate "2014.07.01"]
[SourceQuality "1"]

1. e4 c5 2. Nf3 Nc6 3. d4 cxd4 4. Nxd4 e5 5. Nf3 Nf6 6. Nc3 Bc5 7. Bc4 Qb6 8. 0-0 0-0 9. Na4 Qa5 10. Nxc5 Qxc5 11. Bd3 d5 12. exd5 Nxd5 13. c4 Nf6 14. Qc2 Nb4 15. Qb1 Nxd3 16. Qxd3 e4 17. Qd4 Qc7 18. Ne5 Bf5 19. Bf4 Rfd8 20. Qc3 Rac8 21. b3 Qe7 22. f3 Nd5 23. Qc1 f6 24. Ng4 exf3 25. gxf3 Nb4 26. a3 Nd3 27. Qe3 Qd7 28. h3 Re8 29. Qd2 Rcd8 30. Rfd1 Qc6 31. Rf1 Qb6+ 32. Be3 Qxb3 33. Rfb1 Qxc4 34. Rxb7 Nc5 35. Qb4 Qxb4 36. Rxb4 Nd3 37. Rd4 Rc8 38. Bf4 h5 39. Nf2 Nxf2 40. Kxf2 Rc2+ 41. Kg3 g5 42. Bxg5 fxg5 43. h4 g4 44. fxg4 Bxg4 45. Ra4 Re7 46. Rb1 Rf7 47. Rxg4+ hxg4 48. Kxg4 Rc4+ 49. Kg5 Rg7+ 50. Kf6 Rxh4 51. Rb8+ Kh7 52. Ra8 Ra4 53. Rd8 Rxa3 54. Rd1 Rh3 55. Rf1 a5 0-1